| 000 | 00723nam a2200205Ia 4500 | ||
|---|---|---|---|
| 003 | GCL | ||
| 008 | 140319s9999 xx 000 0 ara d | ||
| 020 | _a4343208977 | ||
| 040 |
_aGCL / _cGCL |
||
| 082 | 0 | 4 |
_a953.2 _bم ي |
| 245 | 1 | 0 |
_aاليمن والعالم : _bتفاعل اليمن والعالم فى العقد الاخير من القرن العشرين |
| 260 |
_aالقاهرة : _bمكتبة مدبولى ، _c2002 |
||
| 300 |
_a491 ص ؛ _c24 سم |
||
| 650 | 0 | 4 | _aاليمن |
| 650 | 0 | 4 | _aحرب الخليج |
| 650 | 0 | 4 | _aالعالم العربى - تاريخ |
| 650 | 0 | 4 | _aاليمن - تاريخ - العصر الحديث |
| 650 | 0 | 4 | _aاليمن - الاحوال السياسية |
| 942 |
_2ddc _cBK |
||
| 999 |
_c5388 _d5388 |
||